书目信息 |
| 题名: |
林海雪原
|
|
| 作者: | 曲波 著 | |
| 分册: | ||
| 出版信息: | 北京 人民文学出版社 |
|
| 页数: | ||
| 开本: | ||
| 丛书名: | ||
| 单 册: | ||
| 中图分类: | I247.5 | |
| 科图分类: | ||
| 主题词: | 小说--中国 | |
| 电子资源: | ||
| ISBN: | 7-02-002615-X | |
| 000 | 00480nam0 2200181 45 | |
| 001 | 0010220942 | |
| 005 | 20001022094001.2 | |
| 010 | @a7-02-002615-X@d22.00元 | |
| 100 | @a20001022d km y0chiy0120 ea | |
| 101 | 0 | @achi |
| 105 | @a z 000yy | |
| 200 | 1 | @a林海雪原@ALin Hai Xue Yuan@f曲波著@FQu Bo Zhu |
| 210 | @a北京@c人民文学出版社 | |
| 606 | 0 | @a小说@x中国 |
| 690 | @aI247.5@v3 | |
| 701 | 0 | @a曲波@4著 |
| 801 | @aCN@bPftUser@c20001022 | |
| 905 | @b181638-640@dI247.5@eQ.625@f3 | |
| 林海雪原/曲波著.-北京:人民文学出版社 |
| ISBN 7-02-002615-X:22.00元 |
| ● |
| 相关链接 |
|
|
|
正题名:林海雪原
索取号:I247.5/Q.625
 
预约/预借
| 序号 | 登录号 | 条形码 | 馆藏地/架位号 | 状态 | 备注 |
| 1 | 181638 | 201816384 | 文学库108/ [索取号:I247.5/Q.625] | 在馆 | |
| 2 | 181639 | 201816393 | 文学库108/ [索取号:I247.5/Q.625] | 在馆 | |
| 3 | 181640 | 201816400 | 文学库108/ [索取号:I247.5/Q.625] | 在馆 |